Schnellste Rennrunden in der Formel 1 seit 2000 - Statistiken

Allgemein
  • Dieses Quiz wurde 51 mal gespielt
    9 seit der letzten Aktualisierung
  • Das Durchschnittsergebnis liegt bei 31 aus 45
Antwortstatistiken
Anzahl Fahrer Jahre % Korrekt
11 Charles Leclerc 2019-2025
100%
17 Daniel Ricciardo 2014-2024
100%
26 Fernando Alonso 2003-2024
100%
8 Jenson Button 2009-2012
100%
19 Lando Norris 2020-2026
100%
68 Lewis Hamilton 2007-2025
100%
37 Max Verstappen 2016-2026
100%
38 Michael Schumacher 2000-2012
100%
20 Nico Rosberg 2006-2016
100%
7 Ralf Schumacher 2001-2005
100%
38 Sebastian Vettel 2009-2019
100%
4 Carlos Sainz 2020-2024
86%
7 David Coulthard 2000-2002
86%
46 Kimi Räikkönen 2002-2018
86%
12 Mika Häkkinen 2000-2001
86%
9 Oscar Piastri 2023-2025
86%
19 Valtteri Bottas 2014-2021
86%
1 Esteban Ocon 2024
71%
15 Felipe Massa 2006-2014
71%
11 George Russell 2020-2025
71%
12 Juan Pablo Montoya 2001-2005
71%
19 Mark Webber 2009-2013
71%
2 Nick Heidfeld 2008
71%
2 Nico Hülkenberg 2012-2016
71%
3 Pierre Gasly 2019-2021
71%
17 Rubens Barrichello 2000-2009
71%
1 Alexander Albon 2025
57%
6 Andrea Kimi Antonelli 2025-2026
57%
3 Kevin Magnussen 2018-2024
57%
1 Robert Kubica 2010
57%
1 Romain Grosjean 2012
57%
12 Sergio Perez 2012-2024
57%
1 Timo Glock 2009
57%
1 Yuki Tsunoda 2023
57%
1 Daniel Kwjat 2016
43%
1 Giancarlo Fisichella 2005
43%
2 Guanyu Zhou 2022-2023
43%
2 Heikki Kovalainen 2008
43%
1 Jarno Trulli 2009
43%
1 Adrian Sutil 2009
29%
1 Bruno Senna 2012
29%
1 Esteban Gutierrez 2013
29%
1 Kamui Kobayashi 2012
29%
1 Pedro De la Rosa 2005
29%
1 Witali Petrow 2010
29%
Keine übereinstimmenden Quizze gefunden
Verteilung der Resultate
Anzahl Personen mit jedem Resultat
Perzentil nach korrekt beantworteten Fragen
Ihre Resultats-Entwicklung
Sie haben dieses Quiz seit der letzten Aktualisierung nicht gespielt